| 000 | 00526nam a22001937a 4500 | ||
|---|---|---|---|
| 003 | OSt | ||
| 005 | 20210501121116.0 | ||
| 008 | 210211s1999 ||||| |||| 00| 0 eng d | ||
| 040 |
_aeng _beng _cDLC |
||
| 041 | _aeng | ||
| 080 |
_a659.3 _bG-37 |
||
| 245 |
_aGeorgia on My Mind / Driver _c/ by: State of Georgia |
||
| 260 |
_aAtlanta _bState of Georgia _c1999 |
||
| 300 |
_a96 p. _bill. |
||
| 650 | 0 |
_9746 _aInformation |
|
| 653 | _aინფორმაცია | ||
| 710 |
_9846 _aDepartment of Public Safety |
||
| 942 |
_2udc _cBK |
||
| 999 |
_c1359 _d1359 |
||